1121 1656 1265 1285 1070 1800 1983 1523 1041 1269 1011 1827 1379 1946 1647 1278 1774 1322 1102 1393 1736 1454 1622 1494 1929 1613 1088 1400 1229 1724 1750 1645 1936 1562 1575 1211 1148 1030 1643 1432 1286 1511 1485 1843 1258 1590 1569 1532 1201 1543 1048 1087 1419 1967 1642 1633 1444 1303 1056 1642 1712 1323 1465 1785 1949 1443 1081 1193 1649 1562 1558 1219 1339 1931 1668 1711 1804 1661 1889 1936 1774 1835 1909 1355 1187 1849 1112 1748 1590 1848 1250 1639 1592 1322 1746 1318 1636 1375 1180 BCNSPRNW ULIB Ver.6.0+V

เปลี่ยนเป็นภาษาไทย

Change to English
 แสดงรายละเอียดบรรณานุกรม
  กลับหน้าหลัก

Brief Record : Get Marc (ISO 2709) : E-mail record : QR code < ปิดหน้าต่าง
LEADER : 00000nam 2200000uu 4500
001    13399125965
003     ULIB
008    171124s2557||||th 000 0 tha d
060  0 ^aวจWB100^bส691ร
110 1  ^aสำนักงานพัฒนานโยบายสุขภาพระหว่างประเทศ(IHPP) กระทรวงสาธารณสุข ปรเทศไทย
245 10 ^aรายงานวิจัยนำร่องการพัฒนาเครื่องมือและวิธีการเพื่อสำรวจการตีตราและการเลือกปฏิบัติประเด็นเกี่ยวเนื่องกับเอชไอวี/เอดส์ในสถานบริการสุขภาพของประเทศไทย /^cสำนักงานพัฒนานโยบายสุขภาพระหว่างประเทศ(IHPP) กระทรวงสาธารณสุข ปรเทศไทย
260    ^aนนทบุรี:^bสำนักงานพัฒนานโยบายสุขภาพระหว่างประเทศ(IHPP) กระทรวงสาธารณสุข ปรเทศไทย,^c2557
300    ^a165 หน้า :^bตาราง ;^c30 ซม.
650  7 ^aวิจัย-เอชไอวี
945    ^p0^l0^i003405
999    ^aประนอม เกษจรัล
รายการนี้ยังไม่มีแท็ก
คุณยังไม่ได้ล็อกอิน คุณสามารถมีกิจกรรมร่วมกับเว็บไซต์ได้ แต่ต้องล็อกอินก่อน ::
  ล็อกอิน

รายการสื่อสารสนเทศ

ลำดับที่ ประเภท เลขเรียก/บาร์โค้ด สถานที่ สถานะ
1. งานวิจัย
งานวิจัย
วจWB100 ส691ร ฉ.1 
  Barcode: 003405
ห้องสมุดวิทยาเขตสวรรค์ประชารักษ์
►วิจัย
บนชั้น

BibComment


ยังไม่เคยถูกคอมเมนท์

คอมเมนท์ทรัพยากรรายการนี้
  คอมเมนท์: รายงานวิจัยนำร่อ..


 Copyright 2026. Bcnsprnw @Library